Sports Quiz

Random Sports Quiz
Score 0/10 Timer 06:00
0 Plays Today
Hint Answer % Correct
18,355Emmitt Smith
96.3%
16,726Walter Payton
96.3%
15,269Barry Sanders
95.1%
12,312Jim Brown
95.1%
13,684LaDainian Tomlinson
87.8%
14,101Curtis Martin
85.4%
13,662Jerome Bettis
84.1%
13,259Eric Dickerson
76.8%
12,279Marshall Faulk
68.3%
12,739Tony Dorsett
67.1%
Remove Ads.
Support Sporcle.
Get the best of Sporcle when you Go Orange. This ad-free experience offers more features, more stats, and more fun while also helping to support Sporcle. Thank you for becoming a member.

You're not logged in!

Compare scores with friends on all Sporcle quizzes.
OR
Log In

Show Comments

Extras

Created Dec 12, 2014ReportNominate
Tags:Leader, Rushing, ten, Yard

Top Quizzes Today


Score Distribution

Your Account Isn't Verified!

In order to create a playlist on Sporcle, you need to verify the email address you used during registration. Go to your Sporcle Settings to finish the process.

Report this User

Report this user for behavior that violates our Community Guidelines.

Details: